Τα Ελληνικά του Μακρυγιάννη με τον υπολογιστή : a tagged concordance of and other indices to the opera omnia of Makriyiannis
Αποθηκεύτηκε σε:
| Άλλοι συγγραφείς: | , |
|---|---|
| Μορφή: | Βιβλίο |
| Γλώσσα: | Greek |
| Δημοσίευση: |
Αθήνα :
Παπαζήσης,
1992
|
| Θέματα: | |
| Ετικέτες: |
Προσθήκη ετικέτας
Δεν υπάρχουν, Καταχωρήστε ετικέτα πρώτοι!
|
MARC
| LEADER | 00000nam a2200000 i 4500 | ||
|---|---|---|---|
| 001 | 1/21797 | ||
| 008 | 961003s1992 gre d | ||
| 035 | |a 1993 |b 1 |c Βιβλιοθήκη |l 10036397 | ||
| 040 | |a GR-MY-UA |b gre |e aacr | ||
| 041 | 0 | |a gre | |
| 082 | 0 | |a 489.3 | |
| 245 | 1 | 3 | |a Τα Ελληνικά του Μακρυγιάννη με τον υπολογιστή : |b a tagged concordance of and other indices to the opera omnia of Makriyiannis / |c γενική επιμέλεια Ν.Ι.Κυριαζίδη ; γλωσσική επεξεργασία Ι.Ν.Καζάζη ; προγράμματα κομπιούτερ J.Brehier |
| 260 | |a Αθήνα : |b Παπαζήσης, |c 1992 | ||
| 300 | |a 7 τ. | ||
| 505 | 0 | |a τ.1 Εισαγωγές - Λεξιλόγια - Αντίστροφοι Πίνακες Λέξεων - Πίνακες Συχνότητας Λέξεων - Συμφραστικοί Πίνακες Λέξεων . - τ.2 Συμφραστικοί Πίνακες Λέξεων (α) Από άβαθος ως δια (σελίδες 1-456). - τ.3 Συμφραστικοί Πίνακες Λέξεων (β) Από δια ως Θερμοπύλες (σελίδες 457-928). - τ.4 Συμφραστικοί Πίνακες Λέξεων (γ) Από Θερμοπύλες ως λιμπίζομουν (σελίδες 929-1416). - τ.5 Συμφραστικοί Πίνακες Λέξεων (δ) Από λιμπιζόμουν ως ο (σελίδες 1417-1888). - τ.6 Συμφραστικοί Πίνακες Λέξεων (ε) Από ο ως ρίχνω (σελίδες 1889-2376). - τ.7 Συμφραστικοί Πίνακες Λέξεων (στ) Από ρίχνω ως ωφέλιμοι και αριθμοί (σελίδες 2377-2845) | |
| 600 | 1 | 0 | |a Μακρυγιάννης, Ιωάννης, |d 1797-1864. |
| 650 | 0 | 0 | |a Greek language |x History. |
| 650 | 0 | 0 | |a Greek language, Modern |x History. |
| 700 | 1 | |a Brehier, J. |4 edt | |
| 700 | 1 | |4 oth |a Καζάζης, Ιωάννης Ν., |d 1947- | |
| 700 | 1 | |4 edt |a Κυριαζίδης, Νίκος Ι. | |
| 852 | |a INST |b RHODES |e 19961003 |h 489.3 ΕΛΛ |p 005400009336 |q 005400009336 |t REF |y 23 |z τ.1 | ||
| 852 | |a INST |b RHODES |e 19961003 |h 489.3 ΕΛΛ |p 005400009337 |q 005400009337 |t REF |y 23 |z τ.2 | ||
| 852 | |a INST |b RHODES |e 19961003 |h 489.3 ΕΛΛ |p 005400009338 |q 005400009338 |t REF |y 23 |z τ.3 | ||
| 852 | |a INST |b RHODES |e 19961003 |h 489.3 ΕΛΛ |p 005400009339 |q 005400009339 |t REF |y 23 |z τ.4 | ||
| 852 | |a INST |b RHODES |e 19961003 |h 489.3 ΕΛΛ |p 005400009340 |q 005400009340 |t REF |y 23 |z τ.5 | ||
| 852 | |a INST |b RHODES |e 19961003 |h 489.3 ΕΛΛ |p 005400009341 |q 005400009341 |t REF |y 23 |z τ.6 | ||
| 852 | |a INST |b RHODES |e 19961003 |h 489.3 ΕΛΛ |p 005400009342 |q 005400009342 |t REF |y 23 |z τ.7 | ||
| 852 | |a INST |b RHODES |e 19961003 |h 489.3 ΕΛΛ |p 005400009336 |q 005400009336 |t REF |v τ.1: |y 23 |z τ.1 | ||
| 852 | |a INST |b RHODES |e 19961003 |h 489.3 ΕΛΛ |p 005400009337 |q 005400009337 |t REF |v τ.2: |y 23 |z τ.2 | ||
| 852 | |a INST |b RHODES |e 19961003 |h 489.3 ΕΛΛ |p 005400009338 |q 005400009338 |t REF |v τ.3: |y 23 |z τ.3 | ||
| 852 | |a INST |b RHODES |e 19961003 |h 489.3 ΕΛΛ |p 005400009339 |q 005400009339 |t REF |v τ.4: |y 23 |z τ.4 | ||
| 852 | |a INST |b RHODES |e 19961003 |h 489.3 ΕΛΛ |p 005400009340 |q 005400009340 |t REF |v τ.5: |y 23 |z τ.5 | ||
| 852 | |a INST |b RHODES |e 19961003 |h 489.3 ΕΛΛ |p 005400009341 |q 005400009341 |t REF |v τ.6: |y 23 |z τ.6 | ||
| 852 | |a INST |b RHODES |e 19961003 |h 489.3 ΕΛΛ |p 005400009342 |q 005400009342 |t REF |v τ.7: |y 23 |z τ.7 | ||
| 853 | |a INST |b RHODES |h 489.3 ΕΛΛ | ||
| 909 | |a Ρ |b 025017 |c 1993 | ||
| 909 | |a Ρ |b 025018 |c 1993 | ||
| 909 | |a Ρ |b 025019 |c 1993 | ||
| 909 | |a Ρ |b 025020 |c 1993 | ||
| 909 | |a Ρ |b 025021 |c 1993 | ||
| 909 | |a Ρ |b 025022 |c 1993 | ||
| 909 | |a Ρ |b 025023 |c 1993 | ||